RICS members to vote on professional service (Record no. 70387)

MARC details
000 -LEADER
fixed length control field 01139cam a2200229 4500
001 - CONTROL NUMBER
control field WB3820-24
008 - FIXED-LENGTH DATA ELEMENTS--GENERAL INFORMATION
fixed length control field 020529n2002 000 0 eng u
035 ## - SYSTEM CONTROL NUMBER
System control number (Sirsi) u118204
245 ## - TITLE STATEMENT
Title RICS members to vote on professional service
260 ## - PUBLICATION, DISTRIBUTION, ETC.
Date of publication, distribution, etc. 2002
490 ## - SERIES STATEMENT
Series statement RICS Press Release
Volume/sequential designation (pr054) 27 May 2002 (2)
520 ## - SUMMARY, ETC.
Summary, etc. The RICS is to offer members a protection fund to support members who are sued regarding advice that they have given on behalf of employers following the recent "Merrett and Babb" case. The decision to establish a 'Member's support' service will be put to the vote by special resolution at RICS HQ on 1 July 2002. For further information contact Alexandra Currie at RICS press office on +44 (0)20 76951628 or [email protected] RICS News Release http://www.rics.org/ricscms/bin/show?class=PressRelease&template=/includes/showpr.html&id=744
590 ## - LOCAL NOTE (RLIN)
Local note WB
650 ## - SUBJECT ADDED ENTRY--TOPICAL TERM
Topical term or geographic name entry element MERRETT V BABB
650 ## - SUBJECT ADDED ENTRY--TOPICAL TERM
Topical term or geographic name entry element NEGLIGENCE CLAIMS
650 ## - SUBJECT ADDED ENTRY--TOPICAL TERM
Topical term or geographic name entry element PERSONAL LIABILITY
650 ## - SUBJECT ADDED ENTRY--TOPICAL TERM
Topical term or geographic name entry element INSURANCE POLICIES
650 ## - SUBJECT ADDED ENTRY--TOPICAL TERM
Topical term or geographic name entry element INSURANCE ISSUES
650 ## - SUBJECT ADDED ENTRY--TOPICAL TERM
Topical term or geographic name entry element RICS
690 ## - LOCAL SUBJECT ADDED ENTRY--TOPICAL TERM (OCLC, RLIN)
Topical term or geographic name as entry element PROFESSIONAL PRACTICE-NEGLIGENCE
942 ## - ADDED ENTRY ELEMENTS (KOHA)
Suppress in OPAC 0
Holdings
Withdrawn status Lost status Source of classification or shelving scheme Damaged status Not for loan Home library Current library Shelving location Date acquired Total Checkouts Full call number Barcode Date last seen Copy number Price effective from Koha item type
    Dewey Decimal Classification     London London News article 29/05/2002   WB3820-24 118204-1001 06/08/2019 1 06/08/2019 News article